000
00267nam a2200109Ia 4500
008
220204s9999 xx 000 0 und d
082
_a
681.326.3
_b
ALT
245
0
_a
Microprocessors
260
_a
New York
_b
McGraw Hill
_c
1975
700
_a
Altman, Lawrence
942
_c
BK
999
_c
33679
_d
33679